000 01730cam a22004574i 4500
003 PE-LiUPU
005 20250731184519.0
008 150616s r 000 0 d
035 _a(Sirsi) a1862
040 _aPE-LiUPU
_bspa
_cPE-LiUPU
_erda
049 _aPRUA
082 0 4 _a938
_bB21
_221
100 1 _aBamm, Peter,
_eautor.
245 1 0 _aAlejandro el Magno o la transformación del mundo /
_cPeter Bamm.
264 1 _aBarcelona :
_bSagitario,
_c1966.
300 _a275 páginas :
_bilustraciones mapa ;
_c20 cm
336 _atext
_2rdacontent
337 _aunmediated
_2rdamedia
338 _avolume
_2rdacarrier
505 0 _aEl amanecer -- El mundo de los años jóvenes -- El salto hacia el futuro -- Mitos y política -- Entre batalla y batalla -- Riesgo y gloria -- Issos y sus consecuencias -- La llamada del oriente -- Persepolis -- Muerte de Dario -- El éxito es un fruto amargo -- El regreso -- Sueño y realidad.
526 _aP136
526 _aP135
526 _aP134
526 _aP133
526 _aP144
526 _aP143
526 _aP87
526 _aP35
526 _aP20
526 _aP14
526 _aP10
526 _aP06
650 0 4 _aGrecia
_xHistoria
_y359-323 a.C. (Expansión macedónica).
910 _ajck
_bjvq
_cjck
942 _2ddc
_cBOOK
949 _a938 B21
_wDEWEY
_c1
_i07713
_lCCODEBUL1
_mBUL
_p00.00
_r0
_sY
_tBOOK
_u2015-04-23
_xEDUCACION
_PP20
_0COMPRA
_o.STAFF. Colección General
994 _aC0
_bPEPRU
596 _a1
999 _a938 B21
_wDEWEY
_c18331
_i07713
_f2021-11-8
_g5
_lCCODEBUL1
_mBUL
_r0
_sY
_tBOOK
_u2015-4-23
_xBIBLIOTECA
_PP20
_0COMPRA
_o.STAFF. Colección General
_d18331
980 _81
_gALBERTO SANCHEZ Responsable de Automatización